000 00974nab a22002417a 4500
999 _c5979
_d5979
003 OSt
005 20260115172541.0
008 190605e xxu||||| |||| 00| 0 spa d
040 _cPJ
100 _91445
_aFoglia, Ricardo Arturo
245 1 0 _aComentario sobre las tendencias salariales en materia de teletrabajo /
_cRicardo A. Foglia.
260 _aCiudad Autónoma de Buenos Aires :
_bThomson Reuters La Ley,
_c2022.
300 _ap. 13-15
500 _aCita: TR LALEY AR/DOC/3146/2022.
505 _t¿Te interesa el texto completo? Solicitalo al correo: koha@justierradelfuego.gov.ar
650 0 _91316
_aDERECHO LABORAL
650 0 _91323
_aCONTRATO DE TRABAJO
650 0 _91570
_aDERECHOS DEL TRABAJADOR
650 0 _91318
_aREMUNERACION
650 0 _94184
_aOBLIGACIONES DEL EMPLEADOR
773 0 _02711
_93168
_dCiudad Autónoma de Buenos Aires : Thomson Reuters La Ley, 1999-2002.
_tRevista de derecho del trabajo. Nº 6 - Noviembre 2022
942 _2udc
_cANA